Female world hits (vol.1) (Record no. 109085)
[ view plain ]
| 000 -LEADER | |
|---|---|
| fixed length control field | 00464nam a2200169 a 4500 |
| 005 - DATE AND TIME OF LATEST TRANSACTION | |
| control field | 20140414093837.0 |
| 008 - FIXED-LENGTH DATA ELEMENTS--GENERAL INFORMATION | |
| fixed length control field | 021220s19uu xx 00 eng d |
| 050 ## - LIBRARY OF CONGRESS CALL NUMBER | |
| Classification number | VCD 780 |
| Item number | Con 1997 |
| 245 ## - TITLE STATEMENT | |
| Title | Female world hits (vol.1) |
| 260 ## - PUBLICATION, DISTRIBUTION, ETC. (IMPRINT) | |
| Place of publication, distribution, etc | (Manila) |
| Name of publisher, distributor, etc | De Concorde Recording Corp. |
| Date of publication, distribution, etc | n.d. |
| 300 ## - PHYSICAL DESCRIPTION | |
| Extent | v.1 ; tr. |
| 500 ## - GENERAL NOTE | |
| General note | "Karaoke top hits #19"--Cover. |
| 650 ## - SUBJECT ADDED ENTRY--TOPICAL TERM | |
| Topical term or geographic name as entry element | World hits (Female). |
| 650 ## - SUBJECT ADDED ENTRY--TOPICAL TERM | |
| Topical term or geographic name as entry element | Top hits (Female) |
| 942 ## - ADDED ENTRY ELEMENTS (KOHA) | |
| Koha item type | Audio Visual Materials |
| Withdrawn status | Lost status | Damaged status | Use restrictions | Home library | Current library | Shelving location | Date acquired | Source of acquisition | Cost, normal purchase price | Total Checkouts | Full call number | Barcode | Date last seen | Price effective from | Koha item type |
|---|---|---|---|---|---|---|---|---|---|---|---|---|---|---|---|
| Luxembourg Library | Luxembourg Library | Audio Visual Material Section | 12/20/2002 | 145.00 | VCD 780 Con 1997 | AV0683 | 04/14/2014 | 04/14/2014 | Audio Visual Materials |